Penta míří do Prahy

Marek Dospiva, šéf najväčšej slovenskej súkromnej investičnej spoločnosti Penta Group o snahe Penty stať sa druhou najsilnejšou súkromnou investičnou spoločnosťou v Čechách. Kúpa kúpelov Jáchymov.

Saved in:
Bibliographic Details
Main Author: Dospiva, Marek
Other Authors: Szirmai, Emil
Format: Book Chapter
Language:Czech
Subjects:
Tags: Add Tag
No Tags, Be the first to tag this record!

MARC

LEADER 00000naa a2200000 4500
001 r047216
005 20231004070723.2
041 0 |a cze 
044 |a CZ 
245 1 0 |a Penta míří do Prahy  |c Marek Dospiva, Emil Szirmai 
520 |a Marek Dospiva, šéf najväčšej slovenskej súkromnej investičnej spoločnosti Penta Group o snahe Penty stať sa druhou najsilnejšou súkromnou investičnou spoločnosťou v Čechách. Kúpa kúpelov Jáchymov. 
610 2 0 |a investície zahraničné 
610 2 0 |a investície finančné 
610 2 0 |a Česko 
610 2 0 |a Penta Group 
100 1 |a Dospiva, Marek 
700 1 |a Szirmai, Emil